Every Bayern Munich Player 25/26 - Statistics

General Stats
  • This quiz has been taken 28 times
  • The average score is 16 of 32
Answer Stats
Pos Nr X Player % Correct
Gk 1 3.150 Manuel Neuer
100%
Df 2 3.116 Dayot Upamecano
92%
St 9 3.780 Harry Kane
88%
Df 3 2.006 Minjae Kim
88%
St 14 3.850 Luis Díaz
85%
St 17 3.806 Michael Olise
85%
Df 19 842 Alphonso Davies
81%
Df 4 3.583 Jonathan Tah
81%
Mf 6 3.803 Joshua Kimmich
81%
Mf 42 1.829 Lennart Karl
81%
Df 27 3.117 Konrad Laimer
77%
Df 44 2.928 Josip Stanisic
73%
Mf 8 2.220 Leon Goretzka
73%
Mf 10 953 Jamal Musiala
69%
St 11 1.253 Nicolas Jackson
69%
Gk 40 1.440 Jonas Urbig
65%
Df 21 964 Hiroki Ito
50%
Gk 26 90 Sven Ulreich
50%
Mf 7 2.041 Serge Gnabry
46%
Df/Mf 20 1.474 Tom Bischof
38%
Df/Mf 22 1.187 Raphaël Guerreiro
31%
Df 23 630 Sacha Boey
19%
St 36 Wisdom Mike
15%
Mf 39 142 Bara Sapoko Ndiaye
8%
Df 1 Cassiano Kiala
8%
Mf 47 27 David Santos Daiber
8%
Df 18 Filip Pavić
4%
Df 39 Deniz Ofli
0%
Mf 3 Erblin Osmani
0%
Mf 12 Felipe Chávez
0%
St 4 Jonah Kusi-Asare
0%
St 33 Maycon Cardozo
0%
No matching quizzes found
Score Distribution
Percent of People with Each Score
Percentile by Number Answered
Your Score History
You have not taken this quiz